[Event "SRI-chB"]
[Site "Mount Lavinia"]
[Date "2022.03.16"]
[Round "1"]
[White "Pathmasiri, RD Isuru Saranga"]
[Black "De Silva, Elath Mathanga"]
[Result "0-1"]
[WhiteElo "1292"]
[BlackElo "1865"]
[PlyCount "109"]
[EventDate "2022.03.16"]
[EventType "swiss"]
[EventRounds "10"]
[EventCountry "SRI"]
[SourceTitle "EXT 2023"]
[Source "ChessBase"]
[SourceDate "2022.10.05"]
[SourceVersion "1"]
[SourceVersionDate "2022.10.05"]
[SourceQuality "1"]

1. d4 Nf6 2. Bf4 g6 3. Nc3 c5 4. d5 d6 5. Qd2 Qa5 6. h4 Bg7 7. h5 Nxh5 8. Bh6 Bxh6 9. Qxh6 Qb4 10. 0-0-0 Qf4+ 11. Qxf4 Nxf4 12. Nb5 Na6 13. Rh4 g5 14. Rh1 Ng6 15. Nf3 f6 16. e3 Bf5 17. Nd2 Bd7 18. Bd3 Kf7 19. Ne4 Bxb5 20. Bxb5 h5 21. Ng3 h4 22. Nf5 Nc7 23. Bd3 Ne8 24. Rh2 Ng7 25. Rdh1 Ne5 26. Nxg7 Nxd3+ 27. cxd3 Kxg7 28. Kd2 Rh7 29. g3 Rah8 30. gxh4 Rxh4 31. Rxh4 Rxh4 32. Rxh4 gxh4 33. Ke2 Kg6 34. Kf3 Kf5 35. e4+ Ke5 36. Kg4 Kd4 37. Kxh4 Kxd3 38. f3 c4 39. Kg4 b5 40. Kf5 b4 41. Ke6 c3 42. bxc3 bxc3 43. Kxe7 c2 44. Kxd6 c1Q 45. Ke7 Qc3 46. d6 Qe5+ 47. Kd7 Kc4 48. Kc6 Qc5+ 49. Kd7 a5 50. f4 a4 51. Ke6 Qc6 52. e5 fxe5 53. fxe5 Qe8+ 54. Kf6 Kd5 55. d7 0-1